Southville International School and Colleges
Your cart is empty.
  • Cart
  • Lists
    Public lists Eva Luna New books Lux_list list_1
    Your lists Log in to create your own lists
  • Log in to your account
  • Your cookies
  • Search history
Southville International School and Colleges
  • Advanced search
  • Recent comments
  • Most popular
  • Libraries

Log in to your account

Log in with GOOGLE


If you do not have an external account, but do have a local account, you can still log in:

  1. Home
  2. MARC view: A babysitter's guide to monster hunting 3 :
Normal view MARC view ISBD view

A babysitter's guide to monster hunting 3 : (Record no. 366469)

[ view plain ]
MARC details
000 -LEADER
fixed length control field 00680nam a22002177a 4500
003 - CONTROL NUMBER IDENTIFIER
control field 0
005 - DATE AND TIME OF LATEST TRANSACTION
control field 20241008085044.0
008 - FIXED-LENGTH DATA ELEMENTS--GENERAL INFORMATION
fixed length control field 241008b xxu||||| |||| 00| 0 eng d
020 ## - INTERNATIONAL STANDARD BOOK NUMBER
International Standard Book Number 9780062437914
050 ## - LIBRARY OF CONGRESS CALL NUMBER
Classification number PZ 7
Item number .B189 2019
100 ## - MAIN ENTRY--PERSONAL NAME
Personal name Ballarini, Joe,
Relator term author.
245 ## - TITLE STATEMENT
Title A babysitter's guide to monster hunting 3 :
Remainder of title mission to monster island /
Statement of responsibility, etc Joe Ballarini.
260 ## - PUBLICATION, DISTRIBUTION, ETC. (IMPRINT)
Place of publication, distribution, etc New York :
Name of publisher, distributor, etc Katherine Tegen Books,
Date of publication, distribution, etc 2019.
300 ## - PHYSICAL DESCRIPTION
Extent 307 p. :
Other physical details ill. ;
Dimensions 20 cm.
440 ## - SERIES STATEMENT/ADDED ENTRY--TITLE
Title Babysitter's Guide to Monsters,
Volume number/sequential designation 3.
500 ## - GENERAL NOTE
General note A Netflix film.
650 ## - SUBJECT ADDED ENTRY--TOPICAL TERM
Topical term or geographic name as entry element Fictional Work.
650 ## - SUBJECT ADDED ENTRY--TOPICAL TERM
Topical term or geographic name as entry element Romans
Form subdivision Fiction.
700 ## - ADDED ENTRY--PERSONAL NAME
Personal name To, Vivienne,
Relator term illustrator.
942 ## - ADDED ENTRY ELEMENTS (KOHA)
Source of classification or shelving scheme Library of Congress Classification
Koha item type Books
Holdings
Withdrawn status Lost status Source of classification or shelving scheme Damaged status Home library Current library Shelving location Date acquired Source of acquisition Sub Shelving location Total Checkouts Full call number Barcode Date last seen Price effective from Koha item type
    Library of Congress Classification   Luxembourg Library Luxembourg Library Fiction Section 10/08/2024 Library Fund     PZ 7 .B189 2019 21280 10/08/2024 10/08/2024 Books

A babysitter's guide to monster hunting 3 :

APA

Ballarini J., To V., . (2019). A babysitter's guide to monster hunting 3. New York: Katherine Tegen Books.

Chicago

Ballarini Joe, To Vivienne, . 2019. A babysitter's guide to monster hunting 3. New York: Katherine Tegen Books.

Harvard

Ballarini J., To V., . (2019). A babysitter's guide to monster hunting 3. New York: Katherine Tegen Books.

MLA

Ballarini Joe, To Vivienne, . A babysitter's guide to monster hunting 3. New York: Katherine Tegen Books. 2019.

  • Place hold
  • Print
  • Cite
  • Add to your cart (remove)
  • Save record
    BIBTEX Dublin Core MARCXML MARC (non-Unicode/MARC-8) MARC (Unicode/UTF-8) MARC (Unicode/UTF-8, Standard) MODS (XML) RIS
  • More searches
    Search for this title in:
    Other Libraries (WorldCat) Other Databases (Google Scholar) Online Stores (Bookfinder.com) Open Library (openlibrary.org)

Exporting to Dublin Core...

SOUTHVILLE LIBRARY

Southville International School and Colleges Library

1281 Tropical Ave. Cor. Luxembourg St., BF Homes International, Las Pinas City

Tel. No. 8256374 / 252358 Loc. 117/146

Powered by Koha